| 000 | 01599nam1a22002891 4500 | ||
|---|---|---|---|
| 001 | rc\3058174 | ||
| 005 | 20111013170335.2 | ||
| 035 | _a(NLR Aleph) 007197139 | ||
| 090 |
_a7595993 _c7595993 |
||
| 100 | _a20111013d1935 |||y0rusy50 ca | ||
| 101 | 1 |
_arus _cfre |
|
| 102 | _aRU | ||
| 105 | _ay z ||||| | ||
| 200 | 1 |
_aГеология _eПер. с франц. _eРекомендована ГУУЗ'ом НКТП СССР в качестве учеб. пособия для геол.-развед. втузов, Наркомпросом РСФСР, допущена в качестве учебника для ун-тов. Т. 1- _fЭ. Ог, проф. Парижск. ун-та _gС прил. и доп. проф. А.П. Павлова, Е.А. Кузнецова и Е.В. Милановского ... _gПод общ. ред. проф. Е.В. Милановского |
|
| 205 | _a6-е изд. | ||
| 210 |
_aМосква _aЛенинград _cОнти. Гл. ред. геол.-развед. и геодез. лит. _d[1935] _eЛенинград _gтип. им. Евг. Соколовой |
||
| 215 | _d24×17 см | ||
| 300 | _aНа обороте тит. л.: "Emile Haug, professeur à la Faculté des sciences de l'Université de Paris. Traité de géologie ... Paris. Librairie Armand Colin" | ||
| 700 | 1 |
_aОг _bЭ. _f1861- _gЭмиль |
|
| 702 | 1 |
_aПавлов _bА. П. _4570 |
|
| 702 | 1 |
_aКузнецов _bЕ. А. _4570 |
|
| 702 | 1 |
_aМилановский _bЕ. В. _4340 |
|
| 801 | 0 |
_aRU _bNLR _gpsbo |
|
| 801 | 1 |
_aRU _bELAR _2rusmarc |
|
| 852 |
_aNLR _j35-18/90(1) |
||
| 942 | _cBOOK | ||
| 980 | _aNB | ||